| 000 | 00939nam a2200229Ia 4500 | ||
|---|---|---|---|
| 008 | 130821s2001 sp aob gr spa | ||
| 020 | _a8474915996 | ||
| 040 |
_aCo-BoUCM _bspa |
||
| 041 | 0 | 0 | _aspa |
| 100 | 1 |
_aAlonso Pascual, Rogelio _9168534 |
|
| 245 | 1 | 0 |
_aIrlanda del Norte una historia de guerra y la búsqueda de la paz _cRogelio Alonso Pascual |
| 260 |
_aMadrid (España) _bEditorial Complutense _c2001 |
||
| 300 |
_axxviii, 456 páginas _bmapas, fotografías |
||
| 504 | _aIncluye referencias bibliográficas e índice. | ||
| 650 | 0 | 4 |
_aGuerra _zIrlanda del Norte _ySiglo XX _916573 |
| 650 | 0 | 4 |
_aHistoria de Europa _926509 |
| 650 | 0 | 4 |
_aNacionalismo _zIrlanda del Norte _ySiglo XX _920063 |
| 650 | 0 | 4 |
_aViolencia política _zIrlanda del Norte _ySiglo XX _926287 |
| 651 | 4 |
_aIrlanda del Norte _xPolítica y gobierno _ySiglo XX _927019 |
|
| 942 |
_cLIBRO _2DEWEY _a21 _e1 _h941.60824 _mA454i |
||
| 999 |
_c73251 _d73251 |
||